[Event "Donostia Spring op 10th"]
[Site "Donostia"]
[Date "2014.05.10"]
[Round "1.13"]
[White "Arcelus Calamundi, Inaki"]
[Black "Hernandez Lopez, Daniel"]
[Result "0-1"]
[WhiteElo "1463"]
[BlackElo "1929"]
[PlyCount "94"]
[EventDate "2014.05.10"]
[EventType "swiss"]
[EventRounds "7"]
[EventCountry "ESP"]
[SourceTitle "EXT 2024"]
[Source "ChessBase"]
[SourceDate "2023.10.10"]
[SourceVersion "1"]
[SourceVersionDate "2023.10.10"]
[SourceQuality "1"]

1. d4 Nf6 2. Nf3 g6 3. Nbd2 d5 4. e3 Bg7 5. Bd3 0-0 6. 0-0 c5 7. c3 b6 8. e4 e6 9. e5 Nfd7 10. Re1 Ba6 11. Nf1 Bxd3 12. Qxd3 Nc6 13. Bg5 Qc7 14. Bh4 c4 15. Qc2 b5 16. a3 a5 17. Ne3 b4 18. axb4 axb4 19. Bg3 Qb7 20. Reb1 Rxa1 21. Rxa1 bxc3 22. bxc3 Rb8 23. Nd2 Qb2 24. Rb1 Qxc2 25. Rxb8+ Ncxb8 26. Nxc2 Bh6 27. Nb1 Bc1 28. Nca3 Nb6 29. Nb5 Nc6 30. f3 Kf8 31. Be1 Na4 32. Kf1 Ke7 33. Ke2 Kd7 34. Nd6 f6 35. Nf7 Ke7 36. Kd1 Bb2 37. Nh6 fxe5 38. Bh4+ Kd7 39. dxe5 Nxe5 40. Be1 Nd3 41. Bd2 e5 42. Ng4 Kd6 43. Ke2 d4 44. cxd4 exd4 45. Be1 Nxe1 46. Kxe1 c3 47. Kd1 d3 0-1

[Event "Donostia Spring op 09th"]
[Site "Donostia"]
[Date "2013.04.19"]
[Round "1"]
[White "Sanchez Ruesga, Carlos"]
[Black "Hernandez Lopez, Daniel"]
[Result "0-1"]
[WhiteElo "1608"]
[BlackElo "1943"]
[PlyCount "92"]
[EventDate "2013.04.19"]
[EventType "swiss"]
[EventRounds "8"]
[EventCountry "ESP"]
[SourceTitle "EXT 2024"]
[Source "ChessBase"]
[SourceDate "2023.10.10"]
[SourceVersion "1"]
[SourceVersionDate "2023.10.10"]
[SourceQuality "1"]

1. e4 c5 2. Nf3 Nc6 3. d4 cxd4 4. Nxd4 Nf6 5. Nc3 e5 6. Ndb5 d6 7. Bg5 a6 8. Na3 b5 9. Nd5 Be7 10. Bxf6 Bxf6 11. Nxf6+ Qxf6 12. Qd5 Bb7 13. Rd1 Rd8 14. Nxb5 axb5 15. Bxb5 Rc8 16. Qxd6 Qxd6 17. Rxd6 Ke7 18. Rd5 f6 19. c3 Rhd8 20. Rxd8 Rxd8 21. f3 Rd6 22. Ke2 Nd8 23. a4 Ne6 24. g3 g6 25. b4 f5 26. Ke3 fxe4 27. fxe4 Ng5 28. Bd3 Rxd3+ 29. Ke2 Rxc3 30. a5 Rb3 31. Rc1 Kd6 32. Rd1+ Kc7 33. Rc1+ Kb8 34. h4 Nxe4 35. g4 Ba6+ 36. Ke1 Re3+ 37. Kd1 Re2 38. Rc6 Nf2+ 39. Kc1 Bb7 40. Rf6 Nd3+ 41. Kd1 Rb2 42. Rf8+ Ka7 43. Rf7 Rxb4 44. Rxh7 Rxg4 45. h5 gxh5 46. Rxh5 Bf3+ 0-1

[Event "Euskadi-chT (Vasca) Div 1st"]
[Site "Bergara"]
[Date "2011.01.15"]
[Round "2"]
[White "Hernandez Lopez, Daniel"]
[Black "Garro Beraza, Julen"]
[Result "1-0"]
[WhiteElo "1956"]
[BlackElo "1891"]
[PlyCount "59"]
[EventDate "2011.01.08"]
[EventType "team-tourn"]
[EventRounds "9"]
[EventCountry "ESP"]
[SourceTitle "EXT 2024"]
[Source "ChessBase"]
[SourceDate "2023.10.10"]
[SourceVersion "1"]
[SourceVersionDate "2023.10.10"]
[SourceQuality "1"]

1. e4 c5 2. Nf3 d6 3. d4 cxd4 4. Nxd4 Nf6 5. Nc3 a6 6. Be2 e6 7. 0-0 Be7 8. a4 Nc6 9. Be3 0-0 10. Nb3 b6 11. f4 Bb7 12. Bf3 Qc7 13. Qe1 Rfe8 14. Rd1 Rad8 15. Qf2 Nd7 16. Bg4 Bf8 17. f5 Nce5 18. fxe6 fxe6 19. Bh3 Nc5 20. Nd4 Qd7 21. Bg5 Be7 22. Bxe7 Qxe7 23. Qe2 Qh4 24. b4 Nxe4 25. Nxe4 Bxe4 26. Bxe6+ Kh8 27. g3 Rxe6 28. Nxe6 Nf3+ 29. Rxf3 Bxf3 30. Qxf3 1-0

[Event "San Sebastian op 33rd"]
[Site "San Sebastian"]
[Date "2010.04.04"]
[Round "9"]
[White "Ros Eskisabel, Jose Ramon"]
[Black "Hernandez Lopez, Daniel"]
[Result "1-0"]
[WhiteElo "2143"]
[BlackElo "1955"]
[PlyCount "50"]
[EventDate "2010.03.28"]
[EventType "swiss"]
[EventRounds "9"]
[EventCountry "ESP"]
[SourceTitle "CBM 135 Extra"]
[Source "ChessBase"]
[SourceDate "2010.05.04"]
[SourceVersion "1"]
[SourceVersionDate "2010.05.04"]
[SourceQuality "1"]

1. e4 c5 2. Nf3 Nc6 3. Bb5 Nd4 4. Nxd4 cxd4 5. c4 g6 6. 0-0 Bg7 7. d3 e6 8. f4 Ne7 9. Nd2 0-0 10. Ba4 d6 11. Kh1 b6 12. Qe1 Bb7 13. Nf3 e5 14. Bd2 Qc7 15. b4 h6 16. Qh4 Kh7 17. f5 f6 18. fxg6+ Nxg6 19. Qh5 Bc8 20. Bd1 Be6 21. Nh4 Nxh4 22. Qxh4 f5 23. exf5 Bxf5 24. Rxf5 Rxf5 25. Qe4 Raf8 1-0

[Event "San Sebastian op 33rd"]
[Site "San Sebastian"]
[Date "2010.04.02"]
[Round "7"]
[White "Rodriguez Lapetra, Pablo"]
[Black "Hernandez Lopez, Daniel"]
[Result "1-0"]
[WhiteElo "2105"]
[BlackElo "1955"]
[PlyCount "103"]
[EventDate "2010.03.28"]
[EventType "swiss"]
[EventRounds "9"]
[EventCountry "ESP"]
[SourceTitle "CBM 135 Extra"]
[Source "ChessBase"]
[SourceDate "2010.05.04"]
[SourceVersion "1"]
[SourceVersionDate "2010.05.04"]
[SourceQuality "1"]

1. e4 c5 2. Nf3 Nc6 3. d4 cxd4 4. Nxd4 Nf6 5. Nc3 e5 6. Ndb5 d6 7. Bg5 a6 8. Na3 b5 9. Nd5 Be7 10. Bxf6 Bxf6 11. c3 Bg5 12. Nc2 Rb8 13. Bd3 Be6 14. Ncb4 Nxb4 15. Nxb4 Qb6 16. a4 0-0 17. axb5 axb5 18. Ra6 Qb7 19. Ra5 Bd7 20. 0-0 Ra8 21. Rxa8 Rxa8 22. Bc2 Be7 23. Bb3 Rf8 24. Bd5 Qb6 25. Qb3 g6 26. Ra1 Kg7 27. Ra6 Qc7 28. Nc6 Bxc6 29. Bxc6 b4 30. cxb4 Bd8 31. Qe3 Qe7 32. b5 Bc7 33. g3 Bb8 34. b6 h6 35. Bd5 Qg5 36. Qc3 Qd8 37. Qb3 Qe7 38. Qa2 Qd8 39. Kg2 Qe7 40. Ra7 Qf6 41. Rb7 g5 42. h3 h5 43. Be6 Kg6 44. Bf5+ Kg7 45. Qb3 Rd8 46. Qd5 Rf8 47. b4 Kg8 48. Qd1 Qh6 49. Qc1 Qf6 50. Qd1 Qh6 51. Qd2 Qf6 52. b5 1-0

[Event "San Sebastian op 30th"]
[Site "San Sebastian"]
[Date "2007.04.06"]
[Round "7"]
[White "Kulago, Alexander"]
[Black "Hernandez Lopez, Daniel"]
[Result "1-0"]
[WhiteElo "2143"]
[BlackElo "1982"]
[PlyCount "82"]
[EventDate "2007.04.01"]
[EventType "swiss"]
[EventRounds "9"]
[EventCountry "ESP"]
[SourceTitle "CBM 117 Extra"]
[Source "ChessBase"]
[SourceDate "2007.05.09"]
[SourceVersion "1"]
[SourceVersionDate "2007.05.09"]
[SourceQuality "1"]

1. Nf3 Nf6 2. c4 g6 3. g3 Bg7 4. Bg2 0-0 5. 0-0 c6 6. d4 d5 7. cxd5 cxd5 8. Ne5 Qb6 9. Nc3 e6 10. Na4 Qb5 11. b3 Bd7 12. Nc5 Qb6 13. a4 a5 14. Ba3 Rc8 15. e3 Be8 16. Rc1 Nbd7 17. Ned3 Nxc5 18. Bxc5 Qd8 19. Qd2 Ne4 20. Bxe4 dxe4 21. Nb2 b6 22. Ba3 b5 23. Bc5 Qd5 24. Qd1 e5 25. axb5 exd4 26. exd4 Bxb5 27. Nc4 Qe6 28. d5 Qh3 29. Bd4 Bh6 30. f4 a4 31. Qc2 axb3 32. Qxb3 Bxc4 33. Rxc4 Rxc4 34. Qxc4 Rc8 35. Qe2 Qf5 36. d6 Bf8 37. Be5 f6 38. Qa2+ Kh8 39. d7 Rd8 40. Qd5 Rxd7 41. Bxf6+ Bg7 1-0

[Event "San Sebastian op 30th"]
[Site "San Sebastian"]
[Date "2007.04.05"]
[Round "6"]
[White "Hernandez Lopez, Daniel"]
[Black "Puga Senar, Fernando"]
[Result "1-0"]
[WhiteElo "1982"]
[BlackElo "1742"]
[PlyCount "83"]
[EventDate "2007.04.01"]
[EventType "swiss"]
[EventRounds "9"]
[EventCountry "ESP"]
[SourceTitle "CBM 117 Extra"]
[Source "ChessBase"]
[SourceDate "2007.05.09"]
[SourceVersion "1"]
[SourceVersionDate "2007.05.09"]
[SourceQuality "1"]

1. e4 e6 2. d3 d5 3. Nd2 c5 4. Ngf3 Nc6 5. g3 Nf6 6. Bg2 Be7 7. 0-0 0-0 8. e5 Nd7 9. Re1 f6 10. exf6 Nxf6 11. c3 Bd6 12. d4 cxd4 13. cxd4 Qe8 14. Nb1 Qg6 15. Nc3 Bd7 16. Be3 Ng4 17. Nh4 Qh5 18. Bh3 Nf6 19. Qxh5 Nxh5 20. Nxd5 Rad8 21. Nc3 Nf6 22. f4 Nb4 23. Rad1 Nfd5 24. Nxd5 Nxd5 25. Bf2 Rfe8 26. Nf3 h6 27. a3 Re7 28. Re2 Rde8 29. Rde1 Nc7 30. Ne5 Bb5 31. Rd2 Rd8 32. Bg2 Nd5 33. f5 Nc7 34. Ng6 Ree8 35. fxe6 Rxe6 36. Rxe6 Nxe6 37. Bxb7 Bc5 38. d5 Bxf2+ 39. Rxf2 Nd4 40. Ne7+ Kh7 41. Nc6 Rxd5 42. Nxa7 1-0

[Event "San Sebastian Gros op 16th"]
[Site "San Sebastian"]
[Date "2006.09.23"]
[Round "3"]
[White "Hernandez Lopez, Daniel"]
[Black "Izagirre Alsua, Aritz"]
[Result "1-0"]
[WhiteElo "2002"]
[BlackElo "1720"]
[PlyCount "113"]
[EventDate "2006.09.21"]
[EventType "swiss"]
[EventRounds "9"]
[EventCountry "ESP"]
[SourceTitle "CBM 114 Extra"]
[Source "ChessBase"]
[SourceDate "2006.11.03"]
[SourceVersion "1"]
[SourceVersionDate "2006.11.03"]
[SourceQuality "1"]

1. e4 g6 2. d4 Bg7 3. Nc3 d6 4. h3 Nd7 5. Nf3 c5 6. Be3 cxd4 7. Nxd4 Ngf6 8. Bd3 a6 9. a4 0-0 10. 0-0 Nc5 11. a5 Nxd3 12. cxd3 Bd7 13. Qd2 Ne8 14. Nd5 Nc7 15. Nb6 Rb8 16. Ne2 Bc6 17. Rfc1 d5 18. Qb4 e6 19. Nd4 Be8 20. Nf3 Bc6 21. Bf4 f6 22. Bd6 Rf7 23. Nd4 Qe8 24. exd5 exd5 25. Re1 Qd8 26. Rac1 Bf8 27. Nxc6 bxc6 28. Rxc6 Bxd6 29. Qxd6 Kg7 30. Qc5 d4 31. Nc4 Rb5 32. Qd6 Rd5 33. Qxd8 Rxd8 34. Re4 Rfd7 35. Kf1 Nd5 36. Rxd4 Nb4 37. Rxd7+ Rxd7 38. Rd6 Re7 39. Ne3 Rc7 40. Ke2 Rc5 41. Rb6 Nc6 42. Rxa6 Nxa5 43. b4 Rc6 44. Ra7+ Kh6 45. bxa5 Rc1 46. a6 Ra1 47. Nc4 Ra2+ 48. Ke3 f5 49. Ra8 Kg5 50. a7 f4+ 51. Kf3 Ra6 52. Ke4 h6 53. Kd5 f3 54. gxf3 Kh4 55. Nd6 Kxh3 56. Nb5 Kg2 57. Rh8 1-0

[Event "Gipuzkoa Provinz-ch"]
[Site "Azkoitia"]
[Date "2005.11.19"]
[Round "6"]
[White "Martin Alvarez, Inigo"]
[Black "Hernandez Lopez, Daniel"]
[Result "1-0"]
[WhiteElo "2087"]
[BlackElo "1997"]
[PlyCount "70"]
[EventDate "2005.10.15"]
[EventType "swiss"]
[EventRounds "7"]
[EventCountry "ESP"]
[SourceTitle "EXT 2022"]
[Source "ChessBase"]
[SourceDate "2021.10.06"]
[SourceVersion "1"]
[SourceVersionDate "2021.10.06"]
[SourceQuality "1"]

1. e4 c5 2. Nc3 Nc6 3. g3 g6 4. Bg2 Bg7 5. f4 d6 6. d3 e6 7. Nf3 Nge7 8. 0-0 0-0 9. Be3 Nd4 10. e5 Nef5 11. Bf2 Nxf3+ 12. Qxf3 Nd4 13. Qd1 dxe5 14. fxe5 Bxe5 15. Ne4 Qc7 16. c3 Nf5 17. Nxc5 Bg7 18. d4 e5 19. d5 Nd6 20. Qe2 f5 21. Rac1 b6 22. Nb3 a5 23. c4 a4 24. Nd2 Ba6 25. Qe3 Rab8 26. Rfe1 e4 27. b3 axb3 28. axb3 Rfc8 29. Bf1 Bb7 30. b4 Qd8 31. Qxb6 Qxb6 32. Bxb6 Bxd5 33. Bc5 Bh6 34. Bxd6 Bxd2 35. Bxb8 Be6 1-0

[Event "Gipuzkoa Provinz-ch"]
[Site "Azkoitia"]
[Date "2005.11.12"]
[Round "5"]
[White "Lauroba Elizaran, Fermin"]
[Black "Hernandez Lopez, Daniel"]
[Result "0-1"]
[WhiteElo "1987"]
[BlackElo "1997"]
[PlyCount "97"]
[EventDate "2005.10.15"]
[EventType "swiss"]
[EventRounds "7"]
[EventCountry "ESP"]
[SourceTitle "EXT 2022"]
[Source "ChessBase"]
[SourceDate "2021.10.06"]
[SourceVersion "1"]
[SourceVersionDate "2021.10.06"]
[SourceQuality "1"]

1. e4 c5 2. Nc3 Nc6 3. g3 g6 4. Bg2 Bg7 5. d3 e6 6. Nge2 Nge7 7. 0-0 0-0 8. f4 d5 9. h3 f5 10. Kh2 d4 11. Nb1 Rb8 12. a4 a6 13. Nd2 b5 14. g4 Qc7 15. gxf5 exf5 16. Ng3 Bd7 17. Nf3 Rbe8 18. e5 Nd8 19. c3 Ne6 20. cxd4 cxd4 21. Bd2 Rc8 22. Rc1 Qb6 23. Qb3 Kh8 24. Bb4 Rfe8 25. Rxc8 Bxc8 26. Ne2 Bb7 27. Ne1 Bxg2 28. Nxg2 Nc6 29. Bd6 Ncd8 30. Rc1 Nb7 31. Qd5 Nxd6 32. Rc6 Qb7 33. exd6 Nd8 34. d7 Rxe2 35. Rd6 Qxd5 36. Rxd5 Rxb2 37. Rc5 b4 38. Kg3 Re2 39. Rb5 Re7 40. Rxb4 Rxd7 41. Ne1 Nc6 42. Rb6 Rc7 43. Nf3 Bf6 44. Rb3 Kg7 45. h4 Ne7 46. Nd2 Rc3 47. Kf3 Rxb3 48. Nxb3 Nc6 49. Kg3 0-1

[Event "Gipuzkoa Provinz-ch"]
[Site "Azkoitia"]
[Date "2005.11.05"]
[Round "4"]
[White "Hernandez Lopez, Daniel"]
[Black "Olaizola Ortega, Luis"]
[Result "0-1"]
[WhiteElo "1997"]
[BlackElo "2178"]
[PlyCount "51"]
[EventDate "2005.10.15"]
[EventType "swiss"]
[EventRounds "7"]
[EventCountry "ESP"]
[SourceTitle "EXT 2022"]
[Source "ChessBase"]
[SourceDate "2021.10.06"]
[SourceVersion "1"]
[SourceVersionDate "2021.10.06"]
[SourceQuality "1"]

1. e4 e6 2. d3 d5 3. Nd2 Nf6 4. Ngf3 c5 5. g3 Nc6 6. Bg2 Be7 7. 0-0 0-0 8. e5 Nd7 9. Re1 b5 10. c3 a5 11. a4 bxa4 12. Rxa4 Nb6 13. Ra1 a4 14. b3 Ba6 15. Bf1 f6 16. bxa4 fxe5 17. Nxe5 Nxe5 18. Rxe5 Bf6 19. Rxe6 Bc8 20. Re3 Bxc3 21. Rb1 Bd4 22. Rf3 Nxa4 23. Rxf8+ Qxf8 24. Qf3 Bg4 25. Qxd5+ Kh8 26. Ne4 0-1

[Event "San Sebastian op 13th"]
[Site "San Sebastian"]
[Date "2003.09.16"]
[Round "4"]
[White "Hernandez Lopez, Daniel"]
[Black "Sanz Perez, Eduardo"]
[Result "1-0"]
[WhiteElo "2017"]
[BlackElo "2160"]
[PlyCount "57"]
[EventDate "2003.09.??"]
[EventType "swiss"]
[EventRounds "7"]
[EventCountry "ESP"]
[SourceTitle "EXT 2005"]
[Source "ChessBase"]
[SourceDate "2004.11.15"]
[SourceVersion "1"]
[SourceVersionDate "2004.11.15"]
[SourceQuality "1"]

1. e4 e6 2. d3 d5 3. Nd2 c5 4. Ngf3 Nc6 5. g3 Bd6 6. Bg2 Nge7 7. 0-0 b5 8. Re1 0-0 9. h4 Bb7 10. e5 Bc7 11. h5 Rc8 12. Nf1 d4 13. N1h2 Nd5 14. h6 g6 15. Ng4 f5 16. exf6 Qd7 17. Ng5 Nxf6 18. Nxf6+ Rxf6 19. Ne4 Rf5 20. Bh3 Qd5 21. Bxf5 Qxf5 22. Qg4 Ne5 23. Qxf5 exf5 24. Ng5 Ng4 25. Re7 Bd5 26. Rg7+ Kf8 27. Nxh7+ Ke8 28. Bg5 Ne5 29. Nf6+ 1-0

[Event "Euskadi-POR"]
[Site "San Sebastian"]
[Date "2002.12.22"]
[Round "2.7"]
[White "Costa, Joao Guerra"]
[Black "Hernandez Lopez, Daniel"]
[Result "0-1"]
[WhiteElo "2131"]
[BlackElo "2038"]
[PlyCount "92"]
[EventDate "2002.12.21"]
[EventType "team"]
[EventRounds "2"]
[EventCountry "ESP"]
[SourceTitle "CBM 091 Extra"]
[Source "ChessBase"]
[SourceDate "2003.01.09"]
[SourceVersion "1"]
[SourceVersionDate "2003.01.09"]
[SourceQuality "1"]
[WhiteTeam "Portugal"]
[BlackTeam "Euskadi"]
[WhiteTeamCountry "POR"]
[BlackTeamCountry "ESP"]

1. e4 c5 2. Nf3 Nc6 3. d4 cxd4 4. Nxd4 Nf6 5. Nc3 e5 6. Ndb5 d6 7. Bg5 a6 8. Na3 b5 9. Nd5 Be7 10. Bxf6 Bxf6 11. c3 0-0 12. Nc2 Rb8 13. a4 bxa4 14. Ncb4 Nxb4 15. Nxb4 Bb7 16. Qxa4 a5 17. Nc2 Qb6 18. Ra2 Bc6 19. Qc4 Bg5 20. Be2 Rfd8 21. Bf3 Rdc8 22. Na3 Bd7 23. Qd3 Be6 24. Ra1 Qxb2 25. 0-0 Rxc3 26. Qxd6 Rcb3 27. Qc7 h6 28. Qxa5 Be7 29. Nb1 Bc4 30. Nd2 Bxf1 31. Nxb3 Bc4 32. Nd2 Bd3 33. Rd1 Bb4 34. Qd5 Bc2 35. Rf1 Qd4 36. Nb1 Bc5 37. Qxd4 exd4 38. Nd2 Bd3 39. Rd1 Rb2 40. g3 Bb5 41. e5 d3 42. Be4 Bd4 43. Rc1 g6 44. Rc8+ Kg7 45. Rd8 Bxe5 46. Nf3 Bc7 0-1

[Event "Euskadi-POR"]
[Site "San Sebastian"]
[Date "2002.12.21"]
[Round "1.7"]
[White "Hernandez Lopez, Daniel"]
[Black "Costa, Joao Guerra"]
[Result "0-1"]
[WhiteElo "2038"]
[BlackElo "2131"]
[PlyCount "58"]
[EventDate "2002.12.21"]
[EventType "team"]
[EventRounds "2"]
[EventCountry "ESP"]
[SourceTitle "CBM 091 Extra"]
[Source "ChessBase"]
[SourceDate "2003.01.09"]
[SourceVersion "1"]
[SourceVersionDate "2003.01.09"]
[SourceQuality "1"]
[WhiteTeam "Euskadi"]
[BlackTeam "Portugal"]
[WhiteTeamCountry "ESP"]
[BlackTeamCountry "POR"]

1. e4 c5 2. Nf3 e6 3. d4 cxd4 4. Nxd4 a6 5. Nc3 b5 6. Bd3 d6 7. 0-0 Nf6 8. a4 b4 9. Na2 Qb6 10. Be3 Qb7 11. f3 Nbd7 12. Qe1 d5 13. exd5 Nxd5 14. Bf2 Be7 15. Kh1 N7f6 16. Bh4 0-0 17. Bc4 Qc7 18. Bxd5 Nxd5 19. Bxe7 Qxe7 20. Nc6 Qc5 21. Ncxb4 Nxb4 22. Qxb4 Qxc2 23. Rac1 Qf5 24. Rc7 a5 25. Qc3 Ba6 26. Rd1 Rad8 27. Rd4 Qf4 28. Rcd7 Rxd7 29. Rxd7 Qxa4 0-1

[Event "San Sebastian Taldea op"]
[Site "San Sebastian"]
[Date "2002.09.20"]
[Round "2"]
[White "Hernandez Lopez, Daniel"]
[Black "Espin, Jesus Maria"]
[Result "0-1"]
[WhiteElo "2038"]
[BlackElo "2235"]
[PlyCount "53"]
[EventDate "2002.09.19"]
[EventType "swiss"]
[EventRounds "7"]
[EventCountry "ESP"]
[SourceTitle "EXT 2006"]
[Source "ChessBase"]
[SourceDate "2005.11.24"]
[SourceVersion "1"]
[SourceVersionDate "2005.11.24"]
[SourceQuality "1"]

1. e4 e6 2. d3 d5 3. Nd2 Nf6 4. g3 c5 5. Bg2 Nc6 6. Ngf3 Be7 7. 0-0 b5 8. c3 a5 9. Re1 a4 10. Qc2 0-0 11. Nf1 b4 12. a3 Ba6 13. cxb4 dxe4 14. dxe4 Bd3 15. Qd1 Bxe4 16. bxc5 Bxc5 17. Be3 Bxe3 18. Nxe3 Qe7 19. Qe2 Qb7 20. Red1 Na5 21. Nd4 Bxg2 22. Nxg2 Rfd8 23. Rac1 h6 24. Ne3 Rab8 25. Rc2 Ne4 26. f3 Qb6 27. Rcd2 0-1

[Event "ESP-ch U16"]
[Site "Oropesa del Mar"]
[Date "2001.07.04"]
[Round "5.8"]
[White "Fernandez Browne, Andres"]
[Black "Hernandez Lopez, Daniel"]
[Result "1/2-1/2"]
[WhiteElo "2151"]
[BlackElo "2054"]
[PlyCount "45"]
[EventDate "2001.07.01"]
[EventType "swiss"]
[EventRounds "8"]
[EventCountry "ESP"]
[SourceTitle "EXT 2002"]
[Source "ChessBase"]
[SourceDate "2001.11.25"]
[SourceVersion "1"]
[SourceVersionDate "2001.11.25"]
[SourceQuality "1"]

1. e4 c5 2. Nf3 Nc6 3. d4 cxd4 4. Nxd4 Nf6 5. Nc3 e5 6. Ndb5 d6 7. Bg5 a6 8. Na3 b5 9. Bxf6 gxf6 10. Nd5 f5 11. exf5 Bxf5 12. c3 Bg7 13. Nc2 Be6 14. Be2 0-0 15. 0-0 f5 16. f4 Rb8 17. a4 bxa4 18. Nce3 Rxb2 19. Bxa6 Kh8 20. Rxa4 Ne7 21. Nxe7 Qxe7 22. Nc4 Bxc4 23. Bxc4 1/2-1/2